Statistics for First Names of Composers

Click here to take the quiz!

General Stats

  • This quiz has been taken 109 times
    (64 since last reset)
  • The average score is 17 of 24

Answer Stats

First Name Last Name % Correct
Ludwigvan Beethoven
98%
JohannSebastian Bach
95%
WolfgangMozart
89%
FrédéricChopin
84%
JosephHaydn
84%
ClaudeDebussy
84%
IgorStravinsky
80%
LeonardBernstein
77%
AntonioVivaldi
75%
FranzSchubert
75%
HenryPurcell
74%
EdwardElgar
72%
FelixMendelssohn
67%
BélaBartók
67%
GustavHolst
66%
JohannesBrahms
66%
CamilleSaint-Saëns
64%
ErikSatie
62%
MauriceRavel
61%
RalphVaughan Williams
52%
GabrielFauré
51%
DmitriShostakovich
49%
PaulHindemith
44%
CharlesIves
43%

Score Distribution

Percentile by Number Answered

Percent of People with Each Score

Your Score History

You have not taken this quiz since the last reset